[Event "15th Open"]
[Site "Balaguer ESP"]
[Date "2010.07.24"]
[Round "6"]
[White "Melkumyan, H"]
[Black "Vocaturo, D"]
[Result "1/2-1/2"]
[WhiteElo "2606"]
[BlackElo "2526"]
[EventDate "2010.07.19"]

1. d4 Nf6 2. Nf3 e6 3. c4 d5 4. Nc3 Bb4 5. cxd5 exd5 6. Bg5 Nbd7 7. Rc1 c6
8. e3 Qa5 9. Bd3 Qxa2 10. O-O Qa5 11. Ne5 Nxe5 12. dxe5 Ng4 13. Bf4 f6 14.
 exf6 Nxf6 15. Qb3 Be7 16. e4 Qb4 17. Qc2 d4 18. Ne2 Be6 19. Bd2 Bb3 20. 
Bxb4 Bxc2 21. Bxc2 Bxb4 22. Nxd4 O-O-O 23. Ne6 Rd2 24. Rfd1 g6 25. Rxd2 
Bxd2 26. Rd1 Bb4 27. f3 Re8 28. Bb3 a5 29. g4 b5 30. g5 Nd7 31. Kg2 Nb6 
32. Rc1 Kb7 33. f4 Na4 34. Rc2 Kb6 35. f5 Nc5 36. Nxc5 Bxc5 37. Be6 a4 38.
 Kf3 b4 39. Kf4 Bd6+ 40. e5 Bc7 41. Re2 gxf5 42. Bxf5 Re7 43. h4 c5 44. 
Bd3 Rd7 45. Bc4 Rd4+ 46. Re4 Rd2 47. h5 a3 48. bxa3 bxa3 49. g6 hxg6 50. 
hxg6 Rf2+ 51. Kg5 a2 52. Bxa2 Bd8+ 53. Kh6 Rh2+ 54. Kg7 Rxa2 55. e6 Ra7+ 
56. Kf8 Be7+ 57. Ke8 c4 58. g7 Bd6 59. Rg4 Kc5 60. g8=Q Ra8+ 61. Kf7 Rxg8 
62. Rxg8 c3 63. Rc8+ Kd4 64. Rd8 Ke5 65. Rc8 Kd4 66. Kf6 Ba3 67. Kf5 Kd3 
68. Kf4 c2 69. Kf3 Kd2 70. Rd8+ Ke1 71. Rc8 Kd2 72. Rxc2+ 1/2-1/2

[Event "16th Asian Games Team Men"]
[Site "Guangzhou CHN"]
[Date "2010.11.19"]
[Round "2"]
[White "Ganguly, S"]
[Black "Barsov, A"]
[Result "1-0"]
[WhiteElo "2644"]
[BlackElo "2507"]
[EventDate "2010.11.18"]

1. d4 d5 2. c4 e6 3. Nc3 Be7 4. cxd5 exd5 5. Bf4 c6 6. e3 Bf5 7. g4 Be6 8.
 h4 Nd7 9. h5 Nb6 10. Bd3 Nh6 11. f3 Bh4+ 12. Kf1 g5 13. hxg6 hxg6 14. Be5
Bf6 15. Bg3 Ng8 16. Rxh8 Bxh8 17. Qe2 Nf6 18. Rc1 Kf8 19. Nh3 Qd7 20. Ng5 
Bg7 21. Qh2 Ke7 22. Bh4 Rh8 23. b3 Qd6 24. Qf2 Kf8 25. Kg2 Bd7 26. Rh1 Qe7
27. Ne2 Kg8 28. Nf4 Be8 29. Re1 Nbd7 30. e4 dxe4 31. Nxe4 Nxe4 32. Rxe4 
Qxh4 33. Rxe8+ Nf8 34. Qxh4 Rxh4 35. Bc4 g5 36. Ng6 Rh6 37. Ne7+ Kh7 38. 
Bxf7 Rd6 39. Bg8+ Kh8 40. Nf5 Rd7 41. Be6 Rc7 42. Ne7 1-0

[Event "17th TCh-RUS Higher League"]
[Site "Dagomys RUS"]
[Date "2010.04.03"]
[Round "2"]
[White "Turov, M"]
[Black "Vokarev, S"]
[Result "1-0"]
[WhiteElo "2609"]
[BlackElo "2506"]
[EventDate "2010.04.02"]

1. d4 Nf6 2. c4 e6 3. Nc3 d5 4. cxd5 exd5 5. Bg5 Be7 6. e3 O-O 7. Bd3 c6 
8. Qc2 Nbd7 9. h3 Re8 10. Nf3 Nf8 11. O-O Ne4 12. Bf4 Nxc3 13. bxc3 Bd6 
14. Bxd6 Qxd6 15. c4 dxc4 16. Bxc4 Be6 17. Rab1 Bxc4 18. Qxc4 b5 19. Qb4 
Qxb4 20. Rxb4 Nd7 21. Rc1 a5 22. Rb2 Rec8 23. d5 cxd5 24. Rxc8+ Rxc8 25. 
Rxb5 Rc5 26. Rb7 Nf8 27. Nd4 g6 28. Ra7 Ne6 29. Nb3 Rc4 30. Rxa5 d4 31. 
exd4 Nxd4 32. Rc5 Rb4 33. Nxd4 Rxd4 34. Kf1 Rd2 35. a4 Ra2 36. a5 h5 37. 
h4 Kf8 38. f4 Ke7 39. Rg5 Ke6 40. g3 f6 41. Rb5 Ra3 42. Kf2 Rc3 43. a6 Ra3
44. Rb6+ Kf5 45. Ke2 g5 46. Rb5+ Kg6 47. f5+ Kg7 48. Rb7+ Kh6 49. Rb6 gxh4
50. gxh4 Kg7 51. Kd2 Ra4 52. Kc3 Rxh4 53. Rb4 Rh1 54. Kb2 Rh2+ 55. Kb3 
Rh3+ 56. Ka2 1-0

[Event "26th ChessOrg Schachfestival"]
[Site "Bad Woerishofen GER"]
[Date "2010.03.12"]
[Round "7"]
[White "Malaniuk, V"]
[Black "Burmakin, V"]
[Result "1/2-1/2"]
[WhiteElo "2582"]
[BlackElo "2604"]
[EventDate "2010.03.06"]

1. d4 d5 2. c4 e6 3. Nc3 Nf6 4. cxd5 exd5 5. Bg5 c6 6. e3 Be7 7. Qc2 Nbd7 
8. Bd3 h6 9. Bh4 O-O 10. Nf3 Re8 11. h3 Ne4 1/2-1/2

[Event "2nd Open"]
[Site "Rethymno GRE"]
[Date "2010.07.16"]
[Round "5"]
[White "Volkov, Sergey1"]
[Black "Rychagov, A"]
[Result "1/2-1/2"]
[WhiteElo "2597"]
[BlackElo "2538"]
[EventDate "2010.07.13"]

1. d4 d5 2. c4 e6 3. Nc3 Nf6 4. cxd5 exd5 5. Bg5 Be7 6. e3 O-O 7. Bd3 Nbd7
8. Nf3 c6 9. Qc2 Re8 10. O-O Nf8 11. h3 Ne4 12. Bf4 Ng5 13. Nxg5 Bxg5 14. 
Bh2 Be7 15. a3 Bd6 16. Bxd6 Qxd6 17. b4 Ng6 18. Rae1 a5 19. bxa5 Rxa5 20. 
a4 Ra8 21. f4 Nf8 22. g4 Bd7 23. Qf2 c5 24. Nb5 Bxb5 25. Bxb5 Re4 26. dxc5
Qxc5 27. f5 h6 28. f6 g6 29. Kg2 Ne6 30. Qg3 Rd8 31. Kh1 Qc3 32. Kh2 Qa3 
33. Kg2 Qb2+ 34. Rf2 Qc3 35. Ree2 Ng5 36. h4 Ne6 37. Kh3 Qa3 38. Rf3 Qc3 
39. Qf2 Qe5 40. Qg3 Qa1 41. Re1 Qb2 1/2-1/2

[Event "39th Olympiad Men"]
[Site "Khanty-Mansiysk RUS"]
[Date "2010.09.28"]
[Round "7"]
[White "Nguyen Ngoc Truong Son"]
[Black "Bogner, S"]
[Result "1-0"]
[WhiteElo "2633"]
[BlackElo "2549"]
[EventDate "2010.09.21"]

1. d4 d5 2. Bf4 c5 3. e3 Nc6 4. c3 Nf6 5. Nd2 cxd4 6. exd4 Bf5 7. Ngf3 e6 
8. Qb3 Qc8 9. Be2 Ne4 10. Nxe4 Bxe4 11. h4 h6 12. Nd2 Bh7 13. g4 Be7 14. 
g5 Bf5 15. gxh6 gxh6 16. Nf3 a6 17. Rg1 h5 18. Ne5 Kf8 19. Qd1 Bf6 20. Qd2
Nxe5 21. Bxe5 Qd8 22. Qf4 Bxe5 23. dxe5 Rc8 24. Rd1 Qc7 25. Rg5 Rd8 26. 
Bd3 f6 27. Qb4+ Qe7 28. Qxe7+ Kxe7 29. Rg7+ Kf8 30. exf6 Rh6 31. Rxb7 Bxd3
32. Rxd3 Rxf6 33. Rh7 Rf5 34. Rg3 Re8 35. Rg5 Rxg5 36. hxg5 Kg8 37. Rxh5 
Kf7 38. Rh7+ Kg6 39. Ra7 Rb8 40. Rxa6 Rxb2 41. Rxe6+ Kxg5 42. Re5+ Kf4 43.
 Rxd5 Rxa2 44. Rd2 Ra3 45. Rc2 Kf3 46. c4 Ke4 47. Ke2 Ra6 48. c5 Rc6 49. 
Rc4+ Kd5 50. Kd3 Rf6 51. c6 Rf3+ 52. Ke2 1-0

[Event "39th Olympiad Men"]
[Site "Khanty-Mansiysk RUS"]
[Date "2010.10.01"]
[Round "10"]
[White "Sedlak, N"]
[Black "Wojtaszek, R"]
[Result "0-1"]
[WhiteElo "2550"]
[BlackElo "2711"]
[EventDate "2010.09.21"]

1. e4 c6 2. Nf3 d5 3. exd5 cxd5 4. Ne5 Nc6 5. d4 e6 6. c3 Bd6 7. f4 Nge7 
8. Bd3 O-O 9. O-O f6 10. Qh5 Nf5 11. Nxc6 bxc6 12. Nd2 g6 13. Qe2 Qc7 14. 
g4 Ng7 15. Nb3 Bd7 16. Bd2 Rae8 17. Rae1 e5 18. fxe5 fxe5 19. Rxf8+ Kxf8 
20. dxe5 Bxe5 21. Qf3+ Kg8 22. Rf1 Bxh2+ 23. Kg2 Bc8 24. Nd4 Bd6 25. Nxc6 
Qxc6 26. Qf7+ Kh8 27. Bh6 Rg8 28. Re1 Bf8 29. Rf1 d4+ 30. Kh3 Bxg4+ 31. 
Kxg4 Qg2+ 32. Kh4 Nf5+ 0-1

[Event "39th Olympiad Men"]
[Site "Khanty-Mansiysk RUS"]
[Date "2010.10.01"]
[Round "10"]
[White "Fressinet, L"]
[Black "Ponomariov, R"]
[Result "0-1"]
[WhiteElo "2718"]
[BlackElo "2749"]
[EventDate "2010.09.21"]

1. Nf3 Nf6 2. c4 e6 3. d4 d5 4. Nc3 Nbd7 5. cxd5 exd5 6. Bg5 Be7 7. e3 c6 
8. Bd3 Ne4 9. Bf4 Ndf6 10. Qc2 Bf5 11. Ne5 g6 12. f3 Nd6 13. g4 Bxd3 14. 
Qxd3 h5 15. g5 Nd7 16. O-O-O Nxe5 17. Bxe5 O-O 18. Bxd6 Bxd6 19. h4 Bb4 
20. Ne2 Re8 21. a3 Ba5 22. f4 Qe7 23. Rh3 c5 24. dxc5 Qxc5+ 25. Kb1 Bb6 
26. f5 Rxe3 27. Rxe3 Qxe3 28. fxg6 Qxd3+ 29. Rxd3 fxg6 30. Nf4 Rf8 31. 
Nxd5 Bf2 32. Rh3 Kg7 33. Nf6 Bd4 34. Nd5 Rf5 35. Nc3 Be5 36. Rd3 Rf4 37. 
Rd7+ Rf7 38. Rd3 Kf8 39. Re3 Rf5 40. Ne2 Bg7 41. b3 Re5 42. Rxe5 Bxe5 43. 
Kc2 Ke7 44. Kd3 Kd6 45. Ke4 a5 46. Nd4 Bg3 47. Nf3 Bf2 48. Ne5 Bxh4 49. 
Nxg6 Bxg5 50. Ne5 Bd8 51. Nc4+ Kc5 52. Nb2 Be7 53. Nd3+ Kc6 0-1

[Event "39th Olympiad Men"]
[Site "Khanty-Mansiysk RUS"]
[Date "2010.10.03"]
[Round "11"]
[White "Van Wely, L"]
[Black "Sedlak, N"]
[Result "1-0"]
[WhiteElo "2679"]
[BlackElo "2550"]
[EventDate "2010.09.21"]

1. d4 d5 2. c4 c6 3. Nf3 Nf6 4. Nc3 e6 5. Bg5 Nbd7 6. cxd5 exd5 7. e3 Be7 
8. Qc2 Nf8 9. Bd3 Ne6 10. Bh4 g6 11. h3 O-O 12. O-O-O c5 13. dxc5 Nxc5 14.
 Nd4 Be6 15. Kb1 Rc8 16. f3 a6 17. g4 b5 18. Qg2 Nxd3 19. Rxd3 Nd7 20. 
Bxe7 Qxe7 21. f4 Nc5 22. Rdd1 b4 23. Nxd5 Bxd5 24. Qxd5 Qxe3 25. Rhe1 Qf2 
26. Re2 Qh4 27. Nc6 Ne6 28. Re4 Qf6 29. Rc1 Rce8 30. Qd6 a5 31. Nxa5 Qh4 
32. Qd3 Qf2 33. Qf1 Qg3 34. Nc6 b3 35. a3 Kh8 36. Rc3 Qh2 37. Re2 Qxf4 38.
 Qxf4 Nxf4 39. Rxe8 Rxe8 40. Rxb3 Re6 41. Rc3 Ne2 42. Rc5 f5 43. gxf5 gxf5
44. Re5 Nc3+ 45. bxc3 Rxc6 46. Kc2 Rf6 47. Kd3 Kg7 48. a4 f4 49. Re2 Rd6+ 
50. Kc4 Kg6 51. a5 Kf5 52. Ra2 Ke4 53. a6 Rd8 54. a7 Ra8 55. Kb5 Kd3 56. 
c4 f3 57. c5 1-0

[Event "46th ch-CUB"]
[Site "Ciego de Avila CUB"]
[Date "2010.01.20"]
[Round "8"]
[White "Arencibia Rodriguez, W"]
[Black "Ortiz Suarez, I"]
[Result "0-1"]
[WhiteElo "2516"]
[BlackElo "2504"]
[EventDate "2010.01.13"]

1. d4 Nf6 2. c4 e6 3. Nc3 d5 4. cxd5 exd5 5. Bg5 c6 6. Qc2 Be7 7. e3 Nbd7 
8. Bd3 Nf8 9. Nge2 Ne6 10. Bh4 g6 11. O-O O-O 12. Rad1 Nh5 13. Bxe7 Qxe7 
14. f3 Re8 15. Qd2 Ng5 16. e4 dxe4 17. fxe4 Bg4 18. e5 Rad8 19. Bc4 b5 20.
 Bb3 a5 21. Qe3 a4 22. Bc2 Ne6 23. h3 Bxe2 24. Nxe2 Qa7 25. g4 Nhg7 26. 
Be4 Qb6 27. Kh1 Re7 28. Bg2 h5 29. Qf2 Red7 30. Rd3 b4 31. Rc1 Rc7 32. 
gxh5 Nxh5 33. Qh4 Rcc8 34. Rg1 Qb5 35. Be4 Nhg7 36. Qg4 Rc7 37. h4 Nc5 38.
 Bxg6 fxg6 39. Rf3 Nce6 40. Rf6 Qd5+ 41. Rg2 Nxd4 42. Rxg6 Qxe5 43. Rg5 
Qf6 44. Rg6 Qf1+ 45. Ng1 Nf5 46. Qxb4 Rd4 47. Qb8+ Kh7 48. Qxc7 Rxh4+ 49. 
Rh2 Rxh2+ 50. Kxh2 Kxg6 51. Qxc6+ Kh7 52. Qc2 Qf4+ 53. Kg2 Kg8 54. Qc8+ 
Kf7 55. Qd7+ Kf8 56. Qd8+ Ne8 0-1

[Event "6th TCh-CHN"]
[Site "Ningbo CHN"]
[Date "2010.04.16"]
[Round "1"]
[White "Zhou Jianchao"]
[Black "Liang Chong"]
[Result "1/2-1/2"]
[WhiteElo "2650"]
[BlackElo "2502"]
[EventDate "2010.04.16"]

1. d4 d5 2. c4 e6 3. Nc3 Be7 4. cxd5 exd5 5. Bf4 c6 6. Qc2 Nf6 7. e3 Nh5 
8. Bg3 Nd7 9. Bd3 g6 10. Nge2 O-O 11. Nf4 Ndf6 12. O-O-O Re8 13. Nxh5 Nxh5
14. Be5 Bd6 15. Bxd6 Qxd6 16. h3 Bd7 17. g4 Nf6 18. Kb1 Re7 19. Ka1 Rae8 
20. Rc1 Bc8 21. g5 Nh5 22. Be2 Ng7 23. h4 Bf5 24. Qa4 a6 25. Qd1 Ne6 26. 
Bd3 Bxd3 27. Qxd3 Ng7 28. Ne2 Nh5 29. Rcg1 Qd7 30. Ng3 Qg4 31. Nxh5 Qxh5 
32. Rg3 Re4 33. f4 R8e7 34. a3 Re8 35. Ka2 R8e7 36. Rhh3 Re8 37. Rh1 R8e7 
38. Qd2 Re8 39. Rhh3 R8e7 40. Rg1 Re8 41. Qf2 R8e6 42. Rf3 Re7 43. Qg3 Re8
44. Rgf1 R8e7 45. Qh3 Re8 46. R1f2 R8e6 47. b4 Re8 48. Kb3 h6 49. Rg2 Qxf3
50. Qxf3 Rxe3+ 51. Qxe3 Rxe3+ 52. Ka4 Kg7 53. Ra2 b6 54. Rc2 Re6 55. Rc3 
hxg5 56. hxg5 Kf8 57. f5 gxf5 58. Rf3 Kg7 59. Rxf5 Re3 60. Rf6 Rc3 61. Rd6
b5+ 62. Ka5 Rxa3+ 63. Kb6 Rc3 64. Kxa6 Rc4 65. Ka5 Kf8 66. Rh6 f5 67. Rf6+
Kg7 68. Kb6 Rxd4 69. Kxc6 Rxb4 70. Rxf5 Kg6 1/2-1/2

[Event "6th TCh-CHN"]
[Site "Ningbo CHN"]
[Date "2010.04.18"]
[Round "3"]
[White "Zhou Jianchao"]
[Black "Yu Yangyi"]
[Result "1/2-1/2"]
[WhiteElo "2650"]
[BlackElo "2574"]
[EventDate "2010.04.16"]

1. d4 d5 2. c4 c6 3. Nf3 Nf6 4. Nc3 e6 5. Bg5 Nbd7 6. cxd5 exd5 7. e3 Be7 
8. Bd3 Nf8 9. Qc2 Ne6 10. Bh4 g6 11. O-O O-O 12. Rab1 Ng7 13. b4 a6 14. a4
Bf5 15. Ne5 Nd7 16. Nxd7 Qxd7 17. Bxe7 Qxe7 18. b5 axb5 19. axb5 Bxd3 20. 
Qxd3 Nf5 21. bxc6 bxc6 22. Qc2 Qa7 23. Rb4 Nd6 24. Ra4 Qd7 25. Rxa8 Rxa8 
26. Nb1 Nc4 27. Nd2 Nxd2 28. Qxd2 Qb7 29. Qc2 Ra5 30. Rc1 Kg7 1/2-1/2

[Event "7th CHN-RUS Rapid"]
[Site "Ningbo CHN"]
[Date "2010.08.14"]
[Round "16"]
[White "Vitiugov, N"]
[Black "Zhou Jianchao"]
[Result "1-0"]
[WhiteElo "2722"]
[BlackElo "2668"]
[EventDate "2010.08.11"]

1. d4 e6 2. c4 d5 3. Nc3 Nf6 4. cxd5 exd5 5. Bg5 c6 6. e3 Be7 7. Bd3 Bg4 
8. Qc2 Bh5 9. Nge2 Bg6 10. Ng3 Na6 11. a3 Nc7 12. Nf5 Bxf5 13. Bxf5 g6 14.
 Bd3 Ne6 15. Bh4 Nd7 16. Bg3 O-O 17. h4 Nf6 18. Be5 Bd6 19. h5 Bxe5 20. 
dxe5 Nxh5 21. f4 Nhg7 22. g4 Nc5 23. O-O-O Nxd3+ 24. Rxd3 Qe7 25. Qh2 h5 
26. gxh5 Nxh5 27. Rg1 Kh8 28. e4 Rg8 29. Rh3 Rg7 30. f5 Rh7 31. e6 Rg8 32.
 exd5 cxd5 33. Qe5+ Qf6 34. Qxf6+ Nxf6 35. Rxh7+ Kxh7 36. exf7 Rf8 37. 
fxg6+ Kg7 38. Ne2 Rc8+ 39. Kd1 Rc4 40. Rf1 Nd7 41. Nf4 Nf8 42. Kd2 b5 43. 
Kd3 a5 44. Ke3 a4 45. Rg1 d4+ 46. Kd3 Rc5 47. Kxd4 Rf5 48. Ke4 Rc5 49. Rg2
Rc4+ 50. Ke3 Rc5 51. Rd2 Rf5 52. Rd8 Rxf4 53. Rxf8 1-0

[Event "7th CHN-RUS Rapid"]
[Site "Ningbo CHN"]
[Date "2010.08.14"]
[Round "18"]
[White "Bu Xiangzhi"]
[Black "Malakhov, V"]
[Result "0-1"]
[WhiteElo "2676"]
[BlackElo "2732"]
[EventDate "2010.08.11"]

1. Nf3 d5 2. d4 Nf6 3. c4 c6 4. Nc3 e6 5. Bg5 Nbd7 6. cxd5 exd5 7. e3 Be7 
8. Bd3 Ne4 9. Bxe4 Bxg5 10. Bd3 Be7 11. O-O Nf6 12. Qc2 O-O 13. Rab1 Bd6 
14. b4 a6 15. a4 Qe7 16. b5 a5 17. bxc6 bxc6 18. e4 dxe4 19. Nxe4 Nxe4 20.
 Bxe4 g6 21. Rfe1 Qf6 22. Qxc6 Ra6 23. Qb5 Bb4 24. Re3 Rb6 25. Qe5 Bd7 26.
 Qxf6 Rxf6 27. Bc2 Rd6 28. Bb3 Kg7 29. Rc1 Rc8 30. Rxc8 Bxc8 31. h3 Rc6 
32. g4 Bb7 33. Kg2 Rb6 34. Bc2 Bd6 35. Rb3 Rb4 36. Rxb4 axb4 37. Bb3 Be4 
38. a5 Kf8 39. g5 Ke7 40. h4 Bb8 41. Bc4 f5 42. Bg8 f4 43. Bb3 Ba7 44. a6 
Kd8 45. Bg8 Kc7 46. Bb3 Bb6 47. Bg8 Kb8 48. Bb3 Ka7 0-1

[Event "European Rapid Championship"]
[Site "Warsaw POL"]
[Date "2010.12.18"]
[Round "7"]
[White "Korobov, A"]
[Black "Jussupow, Ar"]
[Result "1-0"]
[WhiteElo "2684"]
[BlackElo "2589"]
[EventDate "2010.12.18"]

1. d4 Nf6 2. c4 e6 3. Nc3 d5 4. cxd5 exd5 5. Bg5 Be7 6. e3 O-O 7. Bd3 Nbd7
8. Nf3 Re8 9. O-O c6 10. Qc2 Nf8 11. Rae1 Ne4 12. Bf4 f5 13. Ne5 Bh4 14. 
Rb1 Be6 15. f3 Nd6 16. Na4 Qe7 17. Nc5 Rad8 18. b4 Ng6 19. a4 Bc8 20. b5 
cxb5 21. axb5 Bf6 22. Nxg6 hxg6 23. Rfe1 b6 24. Nb3 Bd7 25. Nd2 Be6 26. 
Rbc1 Nf7 27. Bg3 Rc8 28. Qb1 Qa3 29. Qb3 Qxc1 30. Rxc1 Rxc1+ 31. Kf2 g5 
32. Qa3 Rec8 33. Qxa7 f4 34. Qxb6 fxg3+ 35. hxg3 Nd8 36. Nb3 R1c3 37. Nc5 
R8xc5 38. dxc5 Rxd3 39. c6 Nf7 40. Qb8+ Kh7 41. Qe8 Rd2+ 42. Kg1 Nd6 43. 
Qxe6 Nxb5 44. Qf5+ Kg8 45. c7 Nxc7 46. Qc8+ Kh7 47. Qxc7 d4 48. exd4 Rxd4 
49. Kh2 Kg6 50. Qc2+ Kf7 51. Qf5 Rd8 52. Kh3 Rd4 53. f4 g6 54. Qc5 gxf4 
55. gxf4 Rd3+ 56. g3 Rd7 57. g4 Rd3+ 58. Kg2 Rd2+ 59. Kf3 Rd3+ 60. Ke4 Rd7
61. g5 Bg7 62. Qc4+ Kf8 63. Qc8+ Ke7 64. Qg8 Kd6 65. Qh7 Re7+ 66. Kf3 Bd4 
67. Qxg6+ Kc5 68. Qc2+ Kd5 69. Qd3 Re1 70. Qb5+ Ke6 71. Qc6+ Ke7 72. f5 
Rf1+ 73. Ke4 Ba1 74. Qb7+ Kd8 75. g6 Re1+ 76. Kd3 Bf6 77. Qb6+ Ke7 78. 
Qc7+ 1-0

[Event "Gotth' Art Cup GM"]
[Site "Szentgotthard HUN"]
[Date "2010.02.27"]
[Round "6"]
[White "Portisch, L"]
[Black "Vajda, Le"]
[Result "1/2-1/2"]
[WhiteElo "2519"]
[BlackElo "2519"]
[EventDate "2010.02.22"]

1. d4 d5 2. c4 e6 3. Nc3 Nf6 4. cxd5 exd5 5. Bg5 Be7 6. e3 O-O 7. Nf3 c6 
8. Qc2 Nbd7 9. Bd3 Re8 10. O-O Nf8 11. Rae1 Ne4 12. Bxe7 Qxe7 13. Bxe4 
dxe4 14. Nd2 1/2-1/2

[Event "Heart of Finland"]
[Site "Jyvaskyla FIN"]
[Date "2010.07.08"]
[Round "5"]
[White "Kanep, M"]
[Black "Kulaots, K"]
[Result "1/2-1/2"]
[WhiteElo "2526"]
[BlackElo "2589"]
[EventDate "2010.07.05"]

1. d4 d5 2. c4 e6 3. Nc3 Nf6 4. cxd5 exd5 5. Bg5 c6 6. e3 Bf5 7. Qf3 Bg6 
8. Bxf6 Qxf6 9. Qxf6 gxf6 10. Nge2 Nd7 11. h4 Bd6 12. g3 1/2-1/2

[Event "Heart of Finland"]
[Site "Jyvaskyla FIN"]
[Date "2010.07.09"]
[Round "7"]
[White "Turov, M"]
[Black "Brandenburg, D"]
[Result "1-0"]
[WhiteElo "2628"]
[BlackElo "2514"]
[EventDate "2010.07.05"]

1. d4 d5 2. c4 e6 3. Nc3 Nf6 4. cxd5 exd5 5. Bg5 Be7 6. e3 c6 7. Bd3 Nbd7 
8. Qc2 O-O 9. Nf3 Re8 10. O-O Nf8 11. h3 Be6 12. Rab1 Ne4 13. Bxe7 Rxe7 
14. b4 Nd6 15. b5 Rc8 16. Qa4 cxb5 17. Nxb5 a6 18. Nxd6 Qxd6 19. Qa5 Rec7 
20. Rb6 Qe7 21. Rb3 Rc1 22. Qd2 Qc7 23. Qb4 Rc3 24. Rd1 Rxb3 25. Qxb3 g6 
26. Ne1 b5 27. a4 bxa4 28. Qxa4 a5 29. Ra1 Ra8 30. Bb5 Bd7 31. Nd3 Qc3 32.
 Bxd7 Nxd7 33. Rc1 Qxd3 34. Qxd7 Qe4 35. Qb7 Rd8 36. Qa7 Kg7 37. Qxa5 Rb8 
38. Qa2 h5 39. Kh2 Rd8 40. Qb1 Qe6 41. Kg1 h4 42. Qb7 Rd6 43. Qb8 Ra6 44. 
Qd8 f6 45. Rc7+ Kh6 46. Qf8+ Kg5 47. Re7 1-0

[Event "III Iberoamerican KO"]
[Site "Mexico City MEX"]
[Date "2010.11.21"]
[Round "2.2"]
[White "Milos, G"]
[Black "Narciso Dublan, M"]
[Result "1-0"]
[WhiteElo "2596"]
[BlackElo "2536"]
[EventDate "2010.11.18"]

1. d4 d5 2. c4 e6 3. Nc3 Nf6 4. cxd5 exd5 5. Bg5 c6 6. e3 Be7 7. Bd3 Nbd7 
8. h3 O-O 9. Qc2 Re8 10. Nf3 Nf8 11. Bf4 Bd6 12. Bxd6 Qxd6 13. O-O Be6 14.
 Rab1 N6d7 15. b4 Nb6 16. Nd2 Rad8 17. Ne2 Bc8 18. b5 cxb5 19. Rxb5 Bd7 
20. Ra5 Nc8 21. Nf4 Bc6 22. Bb5 Ne6 23. Bxc6 bxc6 24. Nd3 Rd7 25. Rc1 Rc7 
26. Qc3 Nb6 27. Nc5 Qd8 28. Na6 Rc8 29. Qa3 Re7 30. Nb4 Qd6 31. Rxc6 Rxc6 
32. Nxc6 Qxa3 33. Rxa3 Rc7 34. Nb4 Kf8 35. Kf1 Ke8 36. Ra5 Nc4 37. Nxc4 
dxc4 38. Ke2 Rb7 39. a3 Nc7 40. Kd2 Nb5 41. Kc2 Kd7 42. Ra6 h5 43. Nd5 h4 
44. Nc3 Nd6 45. e4 f6 46. f3 Nc8 47. Na4 Ke8 48. Rc6 Ne7 49. Rxc4 Ng6 50. 
Nc5 Rc7 51. Kb3 Nf4 52. Rc2 a5 53. Kc4 g5 54. d5 Rc8 55. Kd4 Rb8 56. e5 
fxe5+ 57. Kxe5 Rb1 58. Ne6 Nd3+ 59. Kf6 Kd7 60. Nxg5 Rb3 61. Nf7 Ne1 62. 
Re2 Nxg2 63. Ne5+ 1-0

[Event "Magistral Barcelona"]
[Site "Barcelona ESP"]
[Date "2010.11.09"]
[Round "6"]
[White "Edouard, R"]
[Black "Bruzon Batista, L"]
[Result "0-1"]
[WhiteElo "2636"]
[BlackElo "2668"]
[EventDate "2010.11.04"]

1. c4 e6 2. Nc3 d5 3. d4 Nf6 4. Nf3 Nbd7 5. cxd5 exd5 6. Bg5 Be7 7. e3 c6 
8. Qc2 O-O 9. Bd3 Re8 10. h3 Ne4 11. Bf4 Ndf6 12. O-O Bf5 13. Ne5 Nxc3 14.
 Bxf5 Nb5 15. Rad1 Nd6 16. Bd3 Rc8 17. f3 Qb6 18. b4 g6 19. Rb1 Qd8 20. g4
Nd7 21. h4 Nxe5 22. dxe5 Nb5 23. Qh2 Na3 24. Rbd1 Qb6 25. g5 c5 26. bxc5 
Bxc5 27. Qe2 Nc4 28. Bxc4 dxc4 29. Kg2 c3 30. Rd3 Ba3 31. e4 Red8 32. Bc1 
Bxc1 33. Rxc1 Qa5 34. Rxd8+ Rxd8 35. Rc2 Qc5 36. Qe1 Rd3 37. Qe2 Qd4 38. 
a4 Rd1 39. e6 Qg1+ 40. Kh3 Qh1+ 41. Kg3 Rg1+ 42. Kf4 Qxh4+ 43. Ke5 Qxg5+ 
44. Kd4 0-1

[Event "National Open"]
[Site "Las Vegas USA"]
[Date "2010.06.12"]
[Round "4"]
[White "Tregubov, P"]
[Black "Lenderman, A"]
[Result "1-0"]
[WhiteElo "2622"]
[BlackElo "2598"]
[EventDate "2010.06.11"]

1. d4 d5 2. c4 e6 3. Nc3 Be7 4. cxd5 exd5 5. Bf4 c6 6. e3 Bf5 7. g4 Be6 8.
 h3 Bd6 9. Bd3 Ne7 10. Nge2 f6 11. Qc2 Bf7 12. O-O-O Bg6 13. e4 dxe4 14. 
Nxe4 Bxe4 15. Bxe4 Bxf4+ 16. Nxf4 Qd6 17. Nd3 Nd7 18. Nc5 O-O-O 19. Bxh7 
Nxc5 20. dxc5 Qf4+ 21. Kb1 Kb8 22. a3 Nd5 23. Be4 Nc7 24. f3 Ne6 25. Bxc6 
Nd4 26. Qe4 Qxe4+ 27. Bxe4 Nb3 28. Rxd8+ Rxd8 29. h4 Nxc5 30. Bf5 Nb3 31. 
f4 Rd2 32. Re1 Rf2 33. Ka2 Nc5 34. Re8+ Kc7 35. Re7+ Kb6 36. Rxg7 Na4 37. 
Kb3 Ka5 38. Kc4 Nxb2+ 39. Kd5 Nd1 40. Rxb7 Rxf4 41. Rxa7+ Kb6 42. Re7 Nf2 
43. Rg7 Nxg4 44. Bxg4 f5 45. Ke5 1-0

[Event "Negroponte Open"]
[Site "Chalkis GRE"]
[Date "2010.08.16"]
[Round "8"]
[White "Atalik, S"]
[Black "Burmakin, V"]
[Result "1/2-1/2"]
[WhiteElo "2607"]
[BlackElo "2605"]
[EventDate "2010.08.09"]

1. d4 c6 2. c4 d5 3. Nf3 Nf6 4. Nc3 e6 5. Bg5 Nbd7 6. cxd5 exd5 7. e3 Be7 
8. Bd3 h6 9. Bf4 Nh5 10. Be5 Nxe5 11. Nxe5 Nf6 12. O-O Bd6 13. f4 Qe7 14. 
Qf3 Be6 15. Rac1 g6 16. a3 Bf5 17. Bxf5 gxf5 18. Rc2 1/2-1/2

[Event "Open"]
[Site "Bratto ITA"]
[Date "2010.08.26"]
[Round "7"]
[White "Grigore, Ge"]
[Black "Vocaturo, D"]
[Result "1-0"]
[WhiteElo "2532"]
[BlackElo "2526"]
[EventDate "2010.08.20"]

1. d4 Nf6 2. c4 e6 3. Nc3 d5 4. cxd5 exd5 5. Bg5 Be7 6. e3 O-O 7. Qc2 Nbd7
8. Bd3 Re8 9. Nf3 Nf8 10. O-O c6 11. h3 Be6 12. Rab1 Ne4 13. Bxe7 Rxe7 14.
 b4 Nd6 15. b5 Rc8 16. bxc6 Rxc6 17. Ne5 Rc8 18. Qb2 Rec7 19. Rfc1 Nd7 20.
 Nxd7 Qxd7 21. Ne2 Nc4 22. Qb5 Qd8 23. Bxc4 dxc4 24. Nc3 a6 25. Qa5 Qh4 
26. Rb6 Re7 27. Rcb1 Bxh3 28. gxh3 Rxe3 29. Qf5 Ree8 30. Qg4 Qd8 31. Rxb7 
Re6 32. Qf5 Qe8 33. d5 Rg6+ 34. Kf1 Rd8 35. Qe4 1-0

[Event "Open"]
[Site "Baku AZE"]
[Date "2010.08.29"]
[Round "7"]
[White "Abbasov, F"]
[Black "Aleksandrov, A"]
[Result "0-1"]
[WhiteElo "2549"]
[BlackElo "2642"]
[EventDate "2010.08.23"]

1. d4 d5 2. c4 e6 3. Nc3 Bb4 4. cxd5 exd5 5. Nf3 c6 6. Bg5 Be7 7. Bf4 Bf5 
8. e3 Nd7 9. Be2 Ngf6 10. Nd2 Bg6 11. h3 O-O 12. O-O a5 13. Bh2 Ne8 14. 
Kh1 Nd6 15. a4 Re8 16. Re1 Bf8 17. Qb3 Ra7 18. Bf1 Nf6 19. Be5 Nde4 20. 
Ndxe4 Nxe4 21. Nxe4 Bxe4 22. Bd3 Bg6 23. Bxg6 hxg6 24. Bg3 Bb4 25. Red1 
Qg5 26. Qc2 Qh5 27. Rd3 Raa8 28. Qd1 Qf5 29. Qe2 Re4 30. f3 Re6 31. Be1 
Bd6 32. Rb3 Re7 33. Qf2 g5 34. Rc1 Qh7 35. Qc2 Qh6 36. Bd2 Rae8 37. Qd1 f5
38. Qf1 f4 39. exf4 Bxf4 40. Qd3 Qh4 41. Rg1 Qf2 42. Bxf4 gxf4 0-1

[Event "Politiken Cup"]
[Site "Copenhagen DEN"]
[Date "2010.08.08"]
[Round "10"]
[White "Krasenkow, M"]
[Black "Portisch, L"]
[Result "1/2-1/2"]
[WhiteElo "2628"]
[BlackElo "2539"]
[EventDate "2010.07.31"]

1. Nf3 d5 2. d4 Nf6 3. c4 e6 4. Nc3 Nbd7 5. cxd5 exd5 6. Bg5 c6 7. e3 Be7 
8. Bd3 Ne4 9. Bxe4 Bxg5 10. Bd3 Be7 11. Qc2 Nf6 12. Ne5 Bd6 13. f4 Bxe5 
14. fxe5 Ng4 15. Nd1 1/2-1/2

[Event "Russia Cup Final KO"]
[Site "Belgorod RUS"]
[Date "2010.11.11"]
[Round "3.1"]
[White "Khairullin, I"]
[Black "Zvjaginsev, V"]
[Result "1/2-1/2"]
[WhiteElo "2637"]
[BlackElo "2676"]
[EventDate "2010.11.07"]

1. d4 Nf6 2. c4 e6 3. Nc3 d5 4. Nf3 Nbd7 5. cxd5 exd5 6. Qc2 c6 7. Bf4 Nh5
8. Bd2 Nhf6 9. Bg5 Be7 10. e3 Nf8 11. Bd3 Ne6 12. Bh4 g6 13. O-O O-O 14. 
Rab1 Ng7 15. b4 a6 16. a4 Bf5 17. b5 axb5 18. axb5 Bxd3 19. Qxd3 Nf5 20. 
Bxf6 Bxf6 21. bxc6 bxc6 22. Rfc1 Ra3 23. Qc2 Qa8 24. Rb6 Ne7 25. Qb1 Bg7 
26. Ne2 Rc8 27. g3 c5 28. dxc5 Ra1 29. Qc2 Rxc1+ 30. Nxc1 Qa5 31. Rb7 Rxc5
32. Rb8+ Bf8 33. Qb2 Rc8 34. Nd3 Qa6 35. Nf4 Bh6 36. Rxc8+ Qxc8 37. Qf6 
Qe8 38. Ng5 Bg7 39. Qb6 h6 40. Nf3 Qd7 41. Qc5 Bf6 42. Qc2 g5 43. Ne2 Nc6 
44. Qa4 Qe6 45. h3 d4 46. exd4 Ne7 47. Ne5 Bxe5 48. dxe5 Qxe5 1/2-1/2